Strzelcy bramek dla Polski w finałach MŚ w piłce nożnej. - Statystyki

Ogólne statystyki
  • Ten quiz został rozwiązany 217 razy
  • Średni wynik to 10 z 20
Statystyki odpowiedzi
Liczba goli Rok Odpowiedź % Poprawnych
2 2022 Robert Lewandowski
98%
10 1974-1982 Grzegorz Lato
91%
6 1978-1982 Zbigniew Boniek
81%
4 1974-1978 Kazimierz Deyna
78%
1 2022 Piotr Zieliński
78%
1 2018 Grzegorz Krychowiak
74%
1 2018 Jan Bednarek
69%
1 2002 Emmanuel Olisadebe
54%
7 1974-1982 Andrzej Szarmach
52%
2 1982-1986 Włodzimierz Smolarek
47%
4 1938 Ernest Wilimowski
44%
2 2006 Bartosz Bosacki
38%
1 2002 Marcin Żewłakow
37%
1 1974 Jerzy Gorgoń
28%
1 2002 Paweł Kryszałowicz
27%
1 1982 Andrzej Buncol
14%
1 1982 Janusz Kupcewicz
13%
1 1982 Stefan Majewski
12%
1 1938 Fryderyk Scherfke
9%
1 1982 Włodzimierz Ciołek
7%
Nie znaleziono quizów pasujących do podanych kryteriów
Rozkład punktacji
Procent ludzi z każdym wynikiem
Percentyl według liczby udzielonych odpowiedzi
Twoja historia wyników
Nie rozwiązałeś tego quizu